[Event "Challenge"]
[Site "http://www.queenalice.com/game.php?id=621452"]
[Date "2009.7.19"]
[Round "-"]
[White "marcostr"]
[Black "Wettkampf"]
[Result "0-1"]
[WhiteElo "1198"]
[BlackElo "1277"]

1. Nf3 e6 2. e4 Nf6 3. g3 Nxe4 4. d3 Nc5 5. Ne5 f6 6. Qh5+ g6 7. Nxg6 hxg6 8.
Qxh8 b6 9. Qh4 Nc6 10. Nc3 Bb7 11. Qh8 Nd4 12. Rb1 Bxh1 13. Bh6 Qe7 14. Be3
Nxc2+ 15. Kd2 Nxe3 16. Kxe3 O-O-O 17. Be2 Bg7 18. Qh4 Rh8 19. Qc4 Rh5 20. Rxh1
Re5+ 21. Kd2 Bh6+ 22. f4 d5 23. Qb4 Ne4+ 24. dxe4 Qxb4 25. Rc1 Rxe4 26. a3 Qxb2+
27. Rc2 Qxa3 28. Nb1 Qb4+ 29. Nc3 Qd4+ 30. Ke1 Qg1+ 31. Kd2 Qxh2 32. Nb5 Qxe2+
33. Kc1 Qe1+ 34. Kb2 Qb4+ 35. Kc1 Re1# 0-1

[Event "alcabral"]
[Site "http://www.queenalice.com/game.php?id=621454"]
[Date "2009.7.19"]
[Round "-"]
[White "marcostr"]
[Black "polly"]
[Result "0-1"]
[WhiteElo "1162"]
[BlackElo "1632"]

1. e4 e5 2. Bc4 Nf6 3. b3 Nc6 4. Nc3 Bc5 5. Na4 Bb4 6. Nf3 h6 7. O-O O-O 8. c3
Be7 9. b4 d6 10. b5 Na5 11. d3 Nxc4 12. dxc4 Be6 13. Be3 Ng4 14. Qb3 Nxe3 15.
fxe3 Bg4 16. Nd2 Bg5 17. h3 Bxe3+ 18. Kh2 Bh5 19. Nb1 Bf4+ 20. g3 Bg5 21. g4 Bg6
22. Qc2 h5 23. gxh5 Bxh5 24. Nd2 Bf4+ 25. Kg2 Qg5+ 26. Kf2 Qg3# 0-1

[Event "Challenge"]
[Site "http://www.queenalice.com/game.php?id=621514"]
[Date "2009.7.19"]
[Round "-"]
[White "Andre1962"]
[Black "marcostr"]
[Result "1-0"]
[WhiteElo "1653"]
[BlackElo "1242"]

1. e4 e5 2. Nf3 b6 3. Nxe5 d6 4. Bb5+ c6 5. Nxc6 Qg5 6. Nd4+ Bd7 7. Bxd7+ Nxd7
8. O-O Ngf6 9. Nc3 Ng4 10. d3 Qh5 11. h3 Ngf6 12. Nf3 Qc5 13. d4 Qc7 14. Bf4 h6
15. Nd5 Qc6 16. Nb4 Qxe4 17. Re1 g5 18. Nd2 gxf4 19. Nxe4 Nh5 20. Nxd6+ Kd8 21.
Nxf7+ Kc7 22. Nxh8 Bxb4 23. c3 Bd6 24. a4 a6 25. Nf7 Nhf6 26. Re6 Ne8 27. Qf3
Rb8 28. c4 b5 29. c5 Bxc5 30. Qc6# 1-0

[Event "Jogo 2 :("]
[Site "http://www.queenalice.com/game.php?id=621828"]
[Date "2009.7.20"]
[Round "-"]
[White "marcostr"]
[Black "Mr_SPOCK"]
[Result "0-1"]
[WhiteElo "1285"]
[BlackElo "1469"]

1. e4 e5 2. Nf3 Bc5 3. Nxe5 Nf6 4. c3 Nxe4 5. Qh5 Bxf2+ 6. Ke2 g6 7. Qf3 f5 8.
g4 d5 9. d3 O-O 10. dxe4 fxe4 11. Qh3 Qf6 12. Bf4 Qxf4 13. Bg2 Nc6 14. Nxc6 bxc6
15. Rf1 Ba6+ 16. Kd1 Bxf1 17. Bxf1 e3 18. c4 Qd4+ 19. Ke2 Qxc4+ 20. Kd1 Qd4+ 21.
Nd2 Qxd2# 0-1

[Event "Challenge"]
[Site "http://www.queenalice.com/game.php?id=622990"]
[Date "2009.7.22"]
[Round "-"]
[White "marcostr"]
[Black "cabral25"]
[Result "0-1"]
[WhiteElo "1242"]
[BlackElo "1657"]

1. e4 e5 2. Nc3 Nf6 3. a4 a6 4. g3 Nc6 5. Bc4 d6 6. Ba2 h6 7. Nf3 Be7 8. O-O O-O
9. d3 Bh3 10. Re1 Nd4 11. b4 Bg4 12. Re3 Nxf3+ 13. Rxf3 Bxf3 14. Qxf3 Qd7 15.
Be3 Qh3 16. Bd5 c6 17. Bb3 Ng4 18. Qg2 Qh5 19. f4 Nxe3 20. Qd2 Ng4 21. Ne2 Qxh2+
22. Kf1 Qf2# 0-1

[Event "Jogo 3 ;)"]
[Site "http://www.queenalice.com/game.php?id=625187"]
[Date "2009.7.26"]
[Round "-"]
[White "Mr_SPOCK"]
[Black "marcostr"]
[Result "1-0"]
[WhiteElo "1554"]
[BlackElo "1162"]

1. e4 Nf6 2. e5 Nd5 3. d4 f6 4. c4 Nb4 5. exf6 exf6 6. d5 f5 7. Nh3 Bc5 8. Bg5
Be7 9. a3 N4a6 10. Qd2 c5 11. d6 Bxg5 12. f4 Bh4+ 13. g3 Bf6 14. Qe2+ Kf7 15.
Qh5+ g6 16. Qh6 Qa5+ 17. Nd2 Re8+ 18. Be2 Qb6 19. Qxh7+ Ke6 20. Ng5+ Bxg5 21.
fxg5 Kxd6 22. O-O-O Rxe2 23. Qxg6+ Ke5 24. Qf6+ Qxf6 25. gxf6 Kxf6 26. Nf3 Nc6
27. Rd6+ Ke7 28. Rhd1 b6 29. Ng5 Ne5 30. h4 Rg2 31. Rh6 Rxg3 32. Rh7+ Kf6 33.
Rd6# 1-0

[Event "Challenge"]
[Site "http://www.queenalice.com/game.php?id=625867"]
[Date "2009.7.28"]
[Round "-"]
[White "nandobr"]
[Black "marcostr"]
[Result "0-1"]
[WhiteElo "1451"]
[BlackElo "1265"]

1. e4 e5 2. Nf3 Nc6 3. Bc4 Nh6 4. Ng5 Qxg5 5. Qf3 Nd4 6. Qc3 Qxg2 7. Rf1 Nf3+ 8.
Ke2 Nd4+ 9. Ke1 d6 10. Qg3 Nxc2+ 0-1

[Event "Game 1"]
[Site "http://www.queenalice.com/game.php?id=626906"]
[Date "2009.7.29"]
[Round "-"]
[White "marcostr"]
[Black "MarcosT"]
[Result "1/2-1/2"]
[WhiteElo "1358"]
[BlackElo "1735"]

1. e4 c5 2. Qf3 e6 3. Nh3 Nc6 4. Ng5 Qxg5 5. g3 Nd4 6. Qd3 e5 7. h4 Qf6 8. c3 c4
9. Qxc4 Nc2+ 10. Kd1 Nxa1 11. Na3 Qf3+ 12. Qe2 Qxh1 13. Nb5 Rb8 14. b3 d5 15.
Nc7+ Kd7 16. Nxd5 a6 17. Bb2 Nxb3 18. axb3 g6 19. c4 Bg7 20. f4 Nf6 21. Bxe5
Nxd5 22. Bxg7 Re8 23. cxd5 Rxe4 24. Qd3 b5 25. Kc2 Bb7 26. Be2 Rc8+ 27. Bc3 b4
28. Bf3 Qh2 29. Bg4+ f5 30. Qxe4 Rxc3+ 31. Kd1 Qg1+ 32. Ke2 Qh2+ 33. Kd1 Rxg3
34. Bxf5+ gxf5 35. Qxf5+ Kc7 36. Qf7+ Kb6 37. Qe6+ Kc5 38. Qe2 Qh1+ 39. Kc2 Bxd5
40. Qf2+ Kc6 41. Qxg3 Be4+ 42. d3 Bd5 43. Qe3 Qxh4 44. Qe8+ Kc5 45. Qf8+ Kd4 46.
Qxb4+ Ke3 47. Qc5+ Kxf4 48. Qd4+ Kg3 49. Qxd5 Qh2+ 50. Kc3 h5 51. Qd6+ Kg2 52.
Qxa6 h4 53. Qa2+ Kg3 54. Qxh2+ Kxh2 55. b4 h3 56. b5 Kg3 57. b6 h2 58. b7 h1=Q
59. b8=Q+ Kf2 60. Qf4+ Ke2 61. Qd2+ Kf3 62. d4 Ke4 63. d5 Qh8+ 64. Kc2 Qc8+ 65.
Kb3 Qb7+ 66. Qb4+ Qxb4+ 67. Kxb4 Kxd5 68. Kc3 Kc5 1/2-1/2

[Event "Challenge"]
[Site "http://www.queenalice.com/game.php?id=626964"]
[Date "2009.7.29"]
[Round "-"]
[White "QueenSarah"]
[Black "marcostr"]
[Result "0-1"]
[WhiteElo "1326"]
[BlackElo "1377"]

1. e4 e5 2. Qf3 Nh6 3. Bc4 g5 4. h3 Bc5 5. Nc3 O-O 6. Nd5 Be7 7. Nxe7+ Qxe7 8.
d3 Nc6 9. Qh5 Kg7 10. Bxg5 Qd6 11. Bxh6+ Kg8 12. Bxf8 Qxf8 13. Qg5+ Qg7 14.
Qxg7+ Kxg7 15. Nf3 d6 16. Ng5 Na5 17. Bxf7 h6 18. Bd5 hxg5 19. b4 Nc6 20. b5 Ne7
21. Bb3 Bd7 22. h4 Rh8 23. h5 Bxb5 24. O-O-O c6 25. h6+ Kh7 26. a4 Ba6 27. f4
exf4 28. g4 Kg6 29. e5 dxe5 30. Rde1 Rxh6 31. Rxh6+ Kxh6 32. Rxe5 Ng6 33. Rf5
Nh4 34. Rf6+ Kg7 35. Re6 f3 36. Re1 Kf8 37. a5 Ng6 38. Rf1 Ne5 39. Re1 Nxg4 40.
Re4 f2 41. Rxg4 f1=Q+ 42. Kd2 Qf2+ 43. Kc3 Qe1+ 44. Kb2 Qxa5 45. Rd4 Qe5 46. c3
Qg3 47. Rd8+ Ke7 48. Ra8 Bxd3 49. Rxa7 Qf2+ 50. Ka3 Qxa7+ 51. Kb2 g4 52. Bd1 g3
53. Bf3 Qf2+ 54. Kb3 Qxf3 55. c4 g2 56. Kc3 g1=Q 57. Kb4 Qc1 58. Ka5 Bxc4 59.
Kb6 Bd5 60. Kxb7 c5+ 61. Kc7 Qf6 62. Kc8 Qc6+ 63. Kb8 Qb7# 0-1

[Event "Jogo 4 :))"]
[Site "http://www.queenalice.com/game.php?id=633044"]
[Date "2009.8.8"]
[Round "-"]
[White "marcostr"]
[Black "Mr_SPOCK"]
[Result "1-0"]
[WhiteElo "1181"]
[BlackElo "1548"]

1. e4 e5 2. Nh3 Nf6 3. d3 Bb4+ 4. Bd2 Bc5 5. Be2 d6 6. Ng5 O-O 7. b4 Bd4 8. c3
Bxf2+ 9. Kxf2 c5 10. d4 cxd4 11. Bd3 Bg4 12. Qb3 Qd7 13. h3 d5 14. hxg4 Nxg4+
15. Kg3 h6 16. Nf3 Nf6 17. Nxe5 Qe6 18. Nf3 Qg4+ 19. Kh2 dxe4 20. Bxe4 Nxe4 21.
Be1 Qh5+ 22. Kg1 Qg6 23. cxd4 Qb6 24. Nbd2 a5 25. Nxe4 a4 26. Qe3 Nc6 27. Nfg5
Rae8 28. Nh7 Kxh7 29. Nf6+ Kh8 30. Rxh6+ gxh6 31. Qxh6# 1-0

[Event "Challenge"]
[Site "http://www.queenalice.com/game.php?id=635767"]
[Date "2009.8.13"]
[Round "-"]
[White "thomas01"]
[Black "marcostr"]
[Result "0-1"]
[WhiteElo "1182"]
[BlackElo "1240"]

1. e4 e5 2. d3 Nc6 3. Nc3 Nh6 4. Nb5 Bc5 5. Be3 Bb4+ 6. Nc3 a5 7. Nf3 O-O 8. a3
Bd6 9. Nb5 a4 10. Bg5 f6 11. Be3 Na5 12. Nxd6 cxd6 13. Nh4 f5 14. f4 Qxh4+ 15.
g3 Qe7 16. Qd2 Nc6 17. O-O-O Qf7 18. Be2 Qa2 19. Qc3 b5 20. b4 Rb8 21. Kd2 fxe4
22. Ra1 Qe6 23. dxe4 Bb7 24. Bxb5 Rbc8 25. Bc4 d5 26. exd5 Qh3 27. dxc6+ Nf7 28.
cxb7 Qg2+ 29. Kd3 d5 30. Rhg1 Qe4+ 31. Kd2 Rxc4 32. Qxe5 Nxe5 33. fxe5 Qxc2+ 34.
Ke1 d4 35. Rf1 Qc3+ 36. Kd1 Qc2+ 37. Ke1 Re8 38. b5 dxe3 39. e6 Qd2# 0-1

[Event "Challenge"]
[Site "http://www.queenalice.com/game.php?id=636444"]
[Date "2009.8.14"]
[Round "-"]
[White "Meirebel"]
[Black "marcostr"]
[Result "1-0"]
[WhiteElo "1898"]
[BlackElo "1265"]

1. d4 e6 2. e4 Qf6 3. Nf3 Bb4+ 4. c3 Ba5 5. Na3 Nh6 6. Nc4 b6 7. b4 b5 8. Nxa5
O-O 9. Bxb5 c6 10. e5 Qe7 11. Bd3 d5 12. Bxh6 gxh6 13. O-O Ba6 14. Bxa6 Nxa6 15.
Nxc6 Qc7 16. a4 Qxc6 17. b5 Qxc3 18. bxa6 Rab8 19. Rc1 Qa5 20. Rc6 Rb6 21. Qc2
Rxa6 22. Nh4 Rb8 23. f4 Rbb6 24. Rc8+ Kg7 25. f5 Qb5 26. f6# 1-0

[Event "Challenge"]
[Site "http://www.queenalice.com/game.php?id=656719"]
[Date "2009.9.23"]
[Round "-"]
[White "pj"]
[Black "marcostr"]
[Result "0-1"]
[WhiteElo "1327"]
[BlackElo "1390"]

1. e4 e6 2. Nh3 Nc6 3. Bc4 Nf6 4. d3 d5 5. exd5 Nxd5 6. Ng5 h6 7. Ne4 Bb4+ 8. c3
Bd6 9. Qg4 O-O 10. Bxh6 Be5 11. d4 f5 12. Qg6 Qh4 13. Bg5 Qxe4+ 14. Kf1 Qc2 15.
Nd2 Nxd4 16. cxd4 Qxb2 17. Nb3 Bxd4 18. Be2 Nc3 19. Re1 Bf6 20. Bc1 Qxa2 21. Nc5
Nxe2 22. Rxe2 Qb1 23. Re1 Qb5+ 24. Re2 Qxc5 0-1

[Event "Challenge"]
[Site "http://www.queenalice.com/game.php?id=657960"]
[Date "2009.9.25"]
[Round "-"]
[White "marcostr"]
[Black "Ettedualc"]
[Result "0-1"]
[WhiteElo "1398"]
[BlackElo "1632"]

1. e4 d6 2. Nh3 Bxh3 3. gxh3 g6 4. b4 Bg7 5. c3 Nf6 6. Na3 a6 7. Bg2 O-O 8. Nc4
e5 9. d4 exd4 10. cxd4 c6 11. Bg5 d5 12. exd5 cxd5 13. Ne3 Re8 14. O-O Qd6 15.
Rc1 Qxb4 16. Nxd5 Nxd5 17. Bxd5 Qxd4 18. Qf3 Nc6 19. Bxf7+ Kh8 20. Bxe8 Rxe8 21.
Rcd1 Qe5 22. h4 Rf8 23. Qg4 Qa5 24. Qd7 Qxa2 25. Rd2 Qc4 26. Qxb7 Qg4+ 27. Kh1
Qf3+ 28. Kg1 Nd4 29. Qxf3 Nxf3+ 30. Kg2 Nxd2 31. Bxd2 Rd8 32. Ba5 Rd4 33. Re1
Rg4+ 34. Kh3 h5 35. Re6 Rf4 36. Rxg6 Rxf2 37. Rg5 Rf3+ 38. Kg2 Ra3 39. Rf5 Ra2+
40. Kf3 Bf6 41. Rxh5+ Kg7 42. Bb4 Rxh2 43. Be1 Rh1 44. Bg3 Ra1 0-1

[Event "Challenge"]
[Site "http://www.queenalice.com/game.php?id=661278"]
[Date "2009.10.1"]
[Round "-"]
[White "Carlos3000"]
[Black "marcostr"]
[Result "0-1"]
[WhiteElo "1671"]
[BlackElo "1411"]

1. e4 c5 2. d4 cxd4 3. Qxd4 e6 4. Be2 Nc6 5. Qd1 Bc5 6. Nf3 Nf6 7. O-O O-O 8.
Nc3 d5 9. e5 Ng4 10. Nb5 Qb6 11. Qe1 Bb4 12. c3 Bc5 13. h3 Ngxe5 14. Nxe5 Nxe5
15. Bf4 Bd6 16. a4 Nf3+ 17. Bxf3 Bxf4 18. b4 Bd7 19. Qe2 a5 20. bxa5 Rxa5 21.
Nd4 e5 22. Rfb1 Rxa4 23. Nc2 Rfa8 24. Rxb6 Rxa1+ 25. Nxa1 Rxa1+ 26. Qf1 Rxf1+
27. Kxf1 Bc6 28. c4 e4 29. Be2 d4 0-1

[Event "Challenge"]
[Site "http://www.queenalice.com/game.php?id=669674"]
[Date "2009.10.20"]
[Round "-"]
[White "marcostr"]
[Black "bruhnomp3"]
[Result "1-0"]
[WhiteElo "1393"]
[BlackElo "1084"]

1. e4 d5 2. exd5 Qxd5 3. Nf3 Bg4 4. Nc3 Qc5 5. Bb5+ c6 6. h3 Bxf3 7. Qxf3 cxb5
8. d3 Nd7 9. Qxb7 Rb8 10. Qf3 b4 11. Ne4 Qxc2 12. Qg3 Rc8 13. O-O Qa4 14. b3 Qc6
15. Bf4 e5 16. Bxe5 f6 17. Bd4 Bc5 18. Qxg7 Bxd4 19. Qxh8 Qb6 20. Qxg8+ Ke7 21.
Qxc8 Bxa1 22. Rxa1 f5 23. Re1 Qe6 24. Qh8 Qg6 25. Nc5+ Kd6 26. Nb7+ Kc7 27. Rc1+
Kxb7 28. Qc8+ 1-0

[Event "Challenge"]
[Site "http://www.queenalice.com/game.php?id=672238"]
[Date "2009.10.25"]
[Round "-"]
[White "QueenSarah"]
[Black "marcostr"]
[Result "0-1"]
[WhiteElo "1234"]
[BlackElo "1402"]

1. e4 e5 2. Bc4 Nh6 3. Qf3 c5 4. Na3 g6 5. Nb5 Qe7 6. Nc7+ Kd8 7. Nxa8 f5 8.
exf5 Nxf5 9. g4 Nd4 10. Qd3 b5 11. Bd5 Qd6 12. Bg2 Qa6 13. a3 Bb7 14. f3 Bxa8
15. h4 Nbc6 16. Nh3 Be7 17. Nf2 Nb4 18. Qc3 Nbxc2+ 19. Kf1 Nxa1 20. b4 Nab3 21.
Bb2 c4 22. Nh3 Rf8 23. Ke1 Qa4 24. g5 Nf5 25. Ng1 Nbd4 26. Rh3 Nc2+ 27. Kd1 Bd5
28. Bf1 Nce3+ 29. Ke2 Qd1+ 30. Kf2 Qxf1# 0-1

[Event "Challenge"]
[Site "http://www.queenalice.com/game.php?id=675059"]
[Date "2009.10.30"]
[Round "-"]
[White "Meirebel"]
[Black "marcostr"]
[Result "1-0"]
[WhiteElo "1832"]
[BlackElo "1404"]

1. e4 e5 2. Nf3 d6 3. Nc3 Nh6 4. Bc4 Be7 5. h3 c6 6. a3 O-O 7. d3 b5 8. Bxh6
gxh6 9. Bb3 a5 10. d4 a4 11. Ba2 exd4 12. Qxd4 Bf6 13. e5 Qe8 14. O-O-O dxe5 15.
Qd6 Bg5+ 16. Nxg5 hxg5 17. Ne4 Nd7 18. Qxc6 Ra6 19. Qxb5 Qe7 20. Qd5 Nf6 21.
Nxf6+ Rxf6 22. Rhe1 Rxf2 23. Rxe5 Qc7 24. Rxg5+ Kh8 25. Qd4+ f6 26. Qxf2 Qe7 27.
Ra5 Qe8 28. Ra8 Kg7 29. Re1 Qh5 30. Be6 Bxe6 31. Rxf8 Qg5+ 32. Kb1 Ba2+ 33. Ka1
Kxf8 34. Kxa2 1-0

[Event "Challenge"]
[Site "http://www.queenalice.com/game.php?id=675060"]
[Date "2009.10.30"]
[Round "-"]
[White "marcostr"]
[Black "Meirebel"]
[Result "1-0"]
[WhiteElo "1404"]
[BlackElo "1832"]

1. e4 e5 2. Bc4 Nf6 3. Nh3 Nxe4 4. O-O d5 5. Bb5+ c6 6. d3 Nxf2 7. Nxf2 cxb5 8.
a3 Nc6 9. a4 b4 10. Bd2 Bf5 11. g4 Bg6 12. Re1 Qf6 13. c3 bxc3 14. Nxc3 O-O-O
15. a5 Bd6 16. Nxd5 Qh4 17. Qb3 e4 18. dxe4 Qxh2+ 19. Kf1 Bc5 20. Be3 Qg3 21. a6
b6 22. Qb5 Rd6 23. Bxc5 bxc5 24. Nb6+ Kc7 25. Nd5+ Kd7 26. Qxc5 Rb8 27. b4 Ra8
28. b5 Ne7 29. Qc7+ 1-0

[Event "Challenge"]
[Site "http://www.queenalice.com/game.php?id=713671"]
[Date "2010.1.14"]
[Round "-"]
[White "marcostr"]
[Black "joserie"]
[Result "0-1"]
[WhiteElo "1437"]
[BlackElo "2158"]

1. e4 c5 2. Nf3 d6 3. g3 Nf6 4. Bg2 g6 5. O-O Nxe4 6. d3 Nf6 7. c4 Bg7 8. a4 Nc6
9. Nc3 O-O 10. b3 Ne4 11. Bb2 Nxc3 12. Qc2 Nd4 13. Nxd4 cxd4 14. Rae1 Rb8 15.
Bc1 a6 16. Bg5 f6 17. Bd2 e5 18. Bxc3 dxc3 19. Qxc3 Kh8 20. b4 b5 21. cxb5 axb5
22. a5 Be6 23. a6 d5 24. a7 Ra8 25. Qc6 Qe8 26. Qb6 Rf7 27. Ra1 f5 28. Ra6 Rf6
29. Qe3 Bg8 30. Rxf6 Bxf6 31. Qb6 Qd8 32. Qb7 e4 33. Rd1 Qc8 34. Qb6 Kg7 35.
dxe4 fxe4 36. Kf1 Bf7 37. Qxb5 Rxa7 38. Qe2 Rc7 39. f3 Rc2 40. Rd2 Rc1+ 41. Kf2
exf3 42. Bxf3 Qh3 43. Bxd5 Qxh2+ 44. Ke3 Qxg3+ 45. Qf3 Rc3+ 46. Rd3 Qe1+ 47. Qe2
Rxd3+ 48. Kxd3 Qxe2+ 49. Kxe2 Bxd5 50. Kd3 h5 51. Ke3 Be5 52. Kf2 h4 53. b5 h3
54. b6 h2 55. Kf1 Bg3 56. b7 Bf3 57. b8=Q h1=R# 0-1

[Event "Challenge"]
[Site "http://www.queenalice.com/game.php?id=742171"]
[Date "2010.3.6"]
[Round "-"]
[White "sovietico_1953"]
[Black "marcostr"]
[Result "1-0"]
[WhiteElo "1615"]
[BlackElo "1435"]

1. e4 g6 2. Qf3 e6 3. Qf4 Nh6 4. d3 Bd6 5. Qxh6 b6 6. a3 Bf8 7. Qf4 Nc6 8. c3
Bg7 9. Nf3 d5 10. exd5 exd5 11. Be2 O-O 12. O-O Bf5 13. Nbd2 Re8 14. Bd1 Bxd3
15. Re1 Qd6 16. Qg4 Bf5 17. Qh4 Bf6 18. Qa4 h6 19. h3 Bd7 20. Qa6 Rf8 21. Be2
Bc8 22. Qa4 Bd7 23. Qc2 Bf5 24. Qa4 a5 25. Bb5 Ne5 26. Re3 c5 27. b3 1-0